Najlepsi strzelcy Wisły Kraków w XXI w. - Statystyki

Ogólne statystyki
  • Ten quiz został rozwiązany 173 razy
  • Średni wynik to 14 z 20
Statystyki odpowiedzi
Sezon Ilość goli Narodowość Strzelec % Poprawnych
2005/06 13 goli Polska Paweł Brożek
84%
2006/07 7 goli Polska Paweł Brożek
84%
2007/08 23 gole Polska Paweł Brożek
84%
2008/09 19 goli Polska Paweł Brożek
84%
2009/10 10 goli Polska Paweł Brożek
84%
2013/14 17 goli Polska Paweł Brożek
84%
2014/15 15 goli Polska Paweł Brożek
84%
2015/16 14 goli Polska Paweł Brożek
84%
2019/20 8 goli Polska Paweł Brożek
84%
2017/18 24 gole Hiszpania Carlitos
81%
2001/02 21 goli Polska Maciej Żurawski
80%
2002/03 22 gole Polska Maciej Żurawski
80%
2003/04 20 goli Polska Maciej Żurawski
80%
2000/01 19 goli Polska Tomasz Frankowski
74%
2004/05 25 goli Polska Tomasz Frankowski
74%
2018/19 11 goli Chorwacja lub Czechy Marko Kolar, Zdeněk Ondrášek
54%
2016/17 12 goli Polska Rafał Boguski
39%
2012/13 4 gole Polska lub Bułgaria Michał Chrapek, Łukasz Garguła, Cwetan Genkow
37%
2011/12 11 goli Izrael Dudu Biton
31%
2010/11 9 goli Słowenia Andraž Kirm
28%
Nie znaleziono quizów pasujących do podanych kryteriów
Rozkład punktacji
Procent ludzi z każdym wynikiem
Percentyl według liczby udzielonych odpowiedzi
Twoja historia wyników
Nie rozwiązałeś tego quizu